Business Research Methods / (Record no. 11347)
[ view plain ]
| 000 -LEADER | |
|---|---|
| fixed length control field | 03065cam a2200421 a 4500 |
| 001 - CONTROL NUMBER | |
| control field | 3958779 |
| 005 - DATE AND TIME OF LATEST TRANSACTION | |
| control field | 19940906103821.1 |
| 008 - FIXED-LENGTH DATA ELEMENTS--GENERAL INFORMATION | |
| fixed length control field | 940301s19952008ilua | b 001 0 eng d |
| 010 ## - LIBRARY OF CONGRESS CONTROL NUMBER | |
| LC control number | 94005000 |
| 020 ## - INTERNATIONAL STANDARD BOOK NUMBER | |
| International Standard Book Number | 0071263330 |
| 020 ## - INTERNATIONAL STANDARD BOOK NUMBER | |
| International Standard Book Number | 9780071263337 |
| 040 ## - CATALOGING SOURCE | |
| Original cataloging agency | DLC |
| Transcribing agency | DLC |
| Modifying agency | DLC |
| 050 00 - LIBRARY OF CONGRESS CALL NUMBER | |
| Classification number | HD30.4 |
| Item number | .E47 1995 |
| 082 00 - DEWEY DECIMAL CLASSIFICATION NUMBER | |
| Edition number | 20 |
| Classification number | 658.0072 |
| Item number | COO |
| 100 1# - MAIN ENTRY--PERSONAL NAME | |
| Personal name | Cooper, Donald R. |
| 9 (RLIN) | 3919 |
| 245 10 - TITLE STATEMENT | |
| Title | Business Research Methods / |
| Statement of responsibility, etc | Donald R. Cooper, Pamela S. Schindler. |
| 250 ## - EDITION STATEMENT | |
| Edition statement | 10th ed. |
| 260 ## - PUBLICATION, DISTRIBUTION, ETC. (IMPRINT) | |
| Place of publication, distribution, etc | Boston : |
| Name of publisher, distributor, etc | McGraw Hill, |
| Date of publication, distribution, etc | c2008. |
| 300 ## - PHYSICAL DESCRIPTION | |
| Extent | xxii, 746 p. : |
| Other physical details | ill.; |
| Dimensions | 24 cm. + |
| Accompanying material | 1 DVD (4 3/4 in.) |
| 490 ## - Series Statement | |
| -- | 5274 |
| Series statement | The McGraw-Hill/Irwin series Operations and decision sciences |
| 504 ## - BIBLIOGRAPHY, ETC. NOTE | |
| Bibliography, etc | Includes bibliographical references and index. |
| 650 #0 - SUBJECT ADDED ENTRY--TOPICAL TERM | |
| Topical term or geographic name as entry element | Industrial management |
| General subdivision | Research. |
| 9 (RLIN) | 3920 |
| 700 1# - ADDED ENTRY--PERSONAL NAME | |
| Personal name | Schindler, Pamela S. |
| 9 (RLIN) | 19878 |
| 942 ## - ADDED ENTRY ELEMENTS (KOHA) | |
| Source of classification or shelving scheme | Dewey Decimal Classification |
| Item type | Book - Borrowing |
| Withdrawn status | Item status | Source of classification or shelving scheme | Damaged status | Not for loan | Vendor | Home library | Current library | Shelving location | Date acquired | Source of acquisition | Cost, normal purchase price | Serial Enumeration / chronology | Total Checkouts | Total Renewals | Full call number | Barcode | Date last seen | Date last borrowed | Cost, replacement price | Koha item type | Checked out |
|---|---|---|---|---|---|---|---|---|---|---|---|---|---|---|---|---|---|---|---|---|---|
| Dewey Decimal Classification | Baccah | Central Library | Central Library | First floor | 21/04/2009 | 180.00 | 7072 | 8 | 20 | 658.0072 COO | 000015977 | 15/07/2025 | 22/10/2022 | 225.00 | Book - Borrowing | ||||||
| Dewey Decimal Classification | Baccah | Central Library | Central Library | First floor | 04/05/2009 | 180.00 | 7072 | 2 | 14 | 658.0072 COO | 000015594 | 24/08/2022 | 02/10/2011 | 225.00 | CD | DVD - With book | ||||||
| Dewey Decimal Classification | Baccah | Central Library | Central Library | First floor | 23/09/2010 | 180.00 | 658.0072 COO | 000021515 | 15/07/2025 | 225.00 | NB - Book (Non borrowing) | ||||||||||
| Dewey Decimal Classification | Baccah | Central Library | Central Library | First floor | 23/09/2010 | 180.00 | 5 | 34 | 658.0072 COO | 000021514 | 15/07/2025 | 16/10/2021 | 225.00 | Book - Borrowing | |||||||
| Dewey Decimal Classification | Baccah | Central Library | Central Library | First floor | 23/09/2010 | 180.00 | 658.0072 COO | 000021513 | 24/08/2022 | 225.00 | CD | DVD - With book | ||||||||||
| Dewey Decimal Classification | Baccah | Central Library | Central Library | First floor | 23/09/2010 | 180.00 | 658.0072 COO | 000021512 | 24/08/2022 | 225.00 | CD | DVD - With book (NB) | ||||||||||
| Dewey Decimal Classification | Baccah | Central Library | Central Library | First floor | 30/09/2010 | 180.00 | 5 | 7 | 658.0072 COO | 000022293 | 15/07/2025 | 11/12/2018 | 225.00 | Book - Borrowing | |||||||
| Dewey Decimal Classification | Baccah | Central Library | Central Library | First floor | 30/09/2010 | 180.00 | 3 | 4 | 658.0072 COO | 000022292 | 22/10/2014 | 22/10/2014 | 225.00 | Book - Borrowing | 01/11/2015 | ||||||
| Dewey Decimal Classification | Baccah | Central Library | Central Library | First floor | 30/09/2010 | 180.00 | 8 | 32 | 658.0072 COO | 000022294 | 15/07/2025 | 09/10/2022 | 225.00 | Book - Borrowing | |||||||
| Dewey Decimal Classification | Baccah | Central Library | Central Library | First floor | 30/09/2010 | 180.00 | 658.0072 COO | 000022289 | 24/08/2022 | 225.00 | CD | DVD - With book | ||||||||||
| Dewey Decimal Classification | Baccah | Central Library | Central Library | First floor | 30/09/2010 | 180.00 | 1 | 2 | 658.0072 COO | 000022290 | 24/08/2022 | 26/09/2011 | 225.00 | CD | DVD - With book | |||||||
| Dewey Decimal Classification | Baccah | Central Library | Central Library | First floor | 30/09/2010 | 180.00 | 658.0072 COO | 000022291 | 24/08/2022 | 225.00 | CD | DVD - With book |